000 00714nam a22002417a 4500
001 12957
003 BD-JhCC
005 20230606115040.0
008 230606b20222022b a|||| ||a| 00| 0 b d
020 _a9789849624516
035 _a(BD-JhCC)12957
040 _aBD-JhCC
_dBD-JhCC
041 _aBengali
082 _a891.443
_bAHA, 2022
100 _aআহ্‌সান, কিঙ্কর
245 _aনীলডুমুর
_c কিঙ্কর আহ্‌সান,
260 _aঢাকা:
_bজ্ঞানকোষ প্রকাশনী;
_c2022
300 _a176p. :
600 _aনীলডুমুর
650 _aBengali Novel
_zBangladesh
942 _2ddc
_cBK
999 _c12957
_d12957